[Event "Staufer-Open 11th"]
[Site "Schwaebisch Gmuend"]
[Date "1999.??.??"]
[Round "8"]
[White "Fahnenschmidt, Gerhard"]
[Black "Jurek, Josef"]
[Result "1/2-1/2"]
[WhiteElo "2350"]
[BlackElo "2390"]

1.d4 Nf6 2.c4 e6 3.Nf3 b6 4.Nc3 Bb7 5.e3 d5 6.cxd5 exd5 7.Bb5+ c6 8.Bd3 Nbd7
9.O-O Be7 10.Qa4 O-O 11.b4 Re8 12.b5 c5 13.Ba3 Bd6 14.Rac1 Qe7 15.Rfd1 Ne4
16.dxc5 Ndxc5 17.Bxc5 Bxc5 18.Bxe4 dxe4 19.Nd4 a6 20.Qb3 axb5 21.Ndxb5 Red8
22.Na4 Rd3 23.Rxd3 exd3 24.Nxc5 bxc5 25.Qxd3 Rxa2 26.Qd6  1/2-1/2

[Event "SVK-chT 9899"]
[Site "SVK"]
[Date "1999.??.??"]
[Round "6"]
[White "Timoshchenko, Gennadi A"]
[Black "Komora, Andrej"]
[Result "1-0"]
[WhiteElo "2500"]
[BlackElo "2320"]

1.d4 e6 2.c4 Nf6 3.Nf3 b6 4.Nc3 Bb7 5.a3 Be7 6.d5 O-O 7.e4 d6 8.Bd3 c5 9.h3 a6
10.a4 Re8 11.O-O Nbd7 12.Be3 Ne5 13.Be2 Nxf3+ 14.Bxf3 Nd7 15.Qd2 Nf8 16.Rab1 a5
17.Rbd1 e5 18.Bg4 Bc8 19.Bxc8 Rxc8 20.Nb5 Qd7 21.Qe2 Ng6 22.Qg4 Rcd8 23.g3 Bf6
24.Rd3 h6 25.Rb3 Qxg4 26.hxg4 Rd7 27.Nc3 Bd8 28.Kg2 f6 29.Bd2 Rf7 30.Ra1 Ne7
31.Kf3 g5 32.Nd1 Kg7 33.Ne3 Bc7 34.Rb5 Ra8 35.Ke2 Rff8 36.Rh1 Kg6 37.Rb3 Rh8
38.Rh5 Rab8 39.Ra3 Ra8 40.Ra1 Rag8 41.Rah1 Bd8 42.Nd1 Nc8 43.Nc3 Na7 44.f4 Kg7
45.Kf3 Rf8 46.Ra1 Kg6 47.Ra3 Bc7 48.Rb3 Nc8 49.Nb5 Bd8 50.Ke2 Rh7 51.Rf3 Rhf7
52.Rf2 Kg7 53.Kd3 Kg6 54.Bc3 Kg7 55.fxg5 fxg5 56.Rxf7+ Rxf7 57.Nxd6 Nxd6
58.Bxe5+ Rf6 59.Bxd6 Rxd6 60.e5 Rd7 61.Ke4 Bc7 62.Kf5 Rf7+ 63.Ke6 Rf3 64.d6 Bxd6
65.exd6 Rxg3 66.d7 Rd3 67.Ke7 Re3+ 68.Kd6  1-0

[Event "SVK-chT1E 9899"]
[Site "SVK"]
[Date "1999.??.??"]
[Round "6"]
[White "Mrva, Martin"]
[Black "Lembak, Jurij"]
[Result "1/2-1/2"]
[WhiteElo "2415"]
[BlackElo "2265"]

1.d4 Nf6 2.Nf3 e6 3.c4 b6 4.Nc3 Bb7 5.Qc2 c5 6.e4 cxd4 7.Nxd4 d6 8.Be2 Be7
9.O-O O-O 10.Re1 Nbd7 11.b3 Rc8 12.Bb2 Nc5 13.Bf1 Qc7 14.Rad1 Qb8 15.Re3 a6
16.Rde1 Rfd8 17.Qe2 Bf8 18.g4 g6 19.g5 Nh5 20.Qg4 Bg7 21.Rd1 Rf8 22.Rh3 f5
23.exf5 exf5 24.Qh4 f4 25.Nd5 Rce8 26.b4 Nd7 27.Bc1 Re4 28.Nc2 Qd8 29.Bg2 Bxd5
30.Rxd5 Rxc4 31.Rd2 Rf5 32.Qg4 Ne5 33.Qd1 f3 34.Bxf3 Nxf3+ 35.Rxf3 Rxf3 36.Qxf3 Qxg5+
37.Kh1 h6 38.Rd1 Qg4 39.Qxg4 Rxg4 40.Be3 Rc4 41.Nd4 Bxd4 42.Bxd4 Rxb4 43.Be3 Nf4
44.a3 Ra4 45.Rxd6 Kf7 46.Rxb6 Nd5 47.Rb7+ Ke6 48.Bc1 h5 49.h3 Rc4 50.Rb1  1/2-1/2

[Event "SVK-chT1E 9899"]
[Site "SVK"]
[Date "1999.??.??"]
[Round "9"]
[White "Singliar, Anton"]
[Black "Lukac, Jozef"]
[Result "1-0"]
[WhiteElo "2205"]
[BlackElo "2065"]

1.d4 e6 2.c4 Nf6 3.Nc3 b6 4.Nf3 Bb7 5.e3 Bb4 6.Bd2 O-O 7.Be2 d5 8.cxd5 Nxd5
9.O-O Qe7 10.Rc1 Nxc3 11.Bxc3 Bd6 12.Ne5 Bxe5 13.dxe5 Rd8 14.Qa4 Qg5 15.Qg4 Qxg4
16.Bxg4 c5 17.Rfd1 Na6 18.Be2 Nc7 19.b4 Rxd1+ 20.Bxd1 cxb4 21.Bxb4 Nd5 22.Bd6 Rc8
23.Rxc8+ Bxc8 24.Bb3 Nc3 25.f3 a5 26.a3 Ba6 27.Kf2 b5 28.Ke1 b4 29.axb4  1-0

[Event "SVK-chT 9899"]
[Site "SVK"]
[Date "1999.??.??"]
[Round "11"]
[White "Mrva, Martin"]
[Black "Petrik, Tomas"]
[Result "1-0"]
[WhiteElo "2435"]
[BlackElo "2275"]

1.d4 Nf6 2.Nf3 e6 3.c4 b6 4.Nc3 Bb7 5.Qc2 Bb4 6.a3 Bxc3+ 7.Qxc3 Ne4 8.Qc2 O-O
9.g3 f5 10.Bg2 Nf6 11.O-O Be4 12.Qb3 Qe7 13.Rd1 d6 14.Bh3 Nbd7 15.Be3 h6
16.Nd2 Bb7 17.Qc2 Qf7 18.f3 g5 19.d5 Qh5 20.Bf1 exd5 21.Qxf5 Rae8 22.Bd4 c5
23.Bxf6 Nxf6 24.cxd5 Nxd5 25.Qd7 Bc8 26.Qxa7 Ne3 27.Qxb6 Nxf1 28.Nxf1 Rxe2
29.Qb3+ Be6 30.Qd3 Rxb2 31.Qxd6 Re2 32.Qd3 Rb2 33.Rd2 Rb3 34.Qe4 Qf7 35.Ne3 Re8
36.Rad1 Bh3 37.Rd8 Rxd8 38.Rxd8+ Kg7 39.Qe5+ Kg6 40.Rd6+ Kh7 41.Qe4+ Kg7
42.g4 Rb8 43.Nf5+ Kf8 44.Rxh6 Kg8 45.Ne7+  1-0

[Event "SWZ-chT"]
[Site "SWZ"]
[Date "1999.??.??"]
[Round "3"]
[White "Rufener, Markus"]
[Black "Kellenberger, Stephane"]
[Result "0-1"]
[WhiteElo "2118"]
[BlackElo "2180"]

1.d4 Nf6 2.c4 e6 3.Nf3 b6 4.Nc3 Bb4 5.Bg5 h6 6.Bh4 Bb7 7.e3 O-O 8.Bd3 c5
9.O-O cxd4 10.exd4 Be7 11.Re1 d6 12.Rc1 Nbd7 13.Bb1 Re8 14.Nd2 Rc8 15.b3 a6
16.Bg3 d5 17.cxd5 Nxd5 18.Nxd5 Bxd5 19.Nc4 b5 20.Nd6 Bxd6 21.Bxd6 Qg5 22.Bg3 f5
23.f4 Qg6 24.Qd2 Nf6 25.Rxc8 Rxc8 26.Rc1 Rxc1+ 27.Qxc1 Qg4 28.Bd3 Nh5 29.Kf2 Nf6
30.Kg1 h5 31.Qf1 Qg6 32.Be1 Ng4 33.Bf2 Qh6 34.h3 Nf6 35.Be1 g5 36.Bd2 g4
37.h4 Qg7 38.g3 Ne4  0-1

[Event "SWZ-chT"]
[Site "SWZ"]
[Date "1999.??.??"]
[Round "5"]
[White "Rufener, Markus"]
[Black "Almada, Enrique"]
[Result "0-1"]
[WhiteElo "2118"]
[BlackElo "2323"]

1.d4 Nf6 2.c4 e6 3.Nf3 b6 4.Nc3 Bb7 5.a3 d5 6.cxd5 exd5 7.Qa4+ c6 8.Bg5 Be7
9.g3 O-O 10.Bg2 Nbd7 11.O-O Ne4 12.Bxe7 Qxe7 13.Rac1 Ndf6 14.Ne5 c5 15.e3 a6
16.Rfd1 Nxc3 17.Rxc3 Rfd8 18.Qb3 Qe6 19.a4 Rac8 20.a5 b5 21.Nf3 c4 22.Qa3 Ne4
23.Rc2 Bc6 24.Ne5 Be8 25.b3 f6 26.Nf3 Bg6 27.Nh4 Bh5 28.Rdc1 g5 29.Bxe4 Qxe4
30.Ng2 Bg6 31.bxc4 dxc4 32.Rd2 c3 33.Re2 Qf3 34.Qa2+ Kg7 35.Ne1 Qe4 36.Qb3 Bf7
37.Qa3 Bc4 38.Rec2 Bd5 39.f3 Qxe3+ 40.Kg2 g4  0-1

[Event "SWZ-chT"]
[Site "SWZ"]
[Date "1999.??.??"]
[Round "9"]
[White "Huss, Andreas"]
[Black "Kupper, Patrick"]
[Result "1-0"]
[WhiteElo "2380"]
[BlackElo "2300"]

1.d4 Nf6 2.Nf3 e6 3.c4 b6 4.Nc3 Bb4 5.Qc2 Bb7 6.a3 Bxc3+ 7.Qxc3 d6 8.e3 O-O
9.Bd3 Nbd7 10.O-O e5 11.Nd2 Re8 12.b4 Nf8 13.Bb2 Ng6 14.d5 c6 15.dxc6 Bxc6
16.e4 Nf4 17.Rfe1 Rc8 18.Qb3 Qd7 19.b5 Bb7 20.Bf1 Rc7 21.f3 Qe6 22.Qe3 Nd7
23.a4 Nc5 24.a5 h5 25.axb6 axb6 26.Nb3 Nxb3 27.Qxb3 Qg6 28.Kh1 h4 29.Rad1 Re6
30.Rd2 Qg5 31.Red1 Rd7 32.Ba3 Rg6 33.Qe3 Qd8 34.Bb4 Rh6 35.Qa3 Qg5 36.Rxd6 Rhxd6
37.Rxd6 Rxd6 38.Bxd6 Ne6 39.Qc3 Nd4 40.Ba3 h3 41.Bc1 Qh5 42.Qe3 Qh4 43.Bd2 Qf6
44.Bc3 hxg2+ 45.Bxg2 Qd6 46.f4 f6 47.fxe5 fxe5 48.h3 Qc5 49.Bf1 Qf8 50.Bd3 Qf6
51.Kh2 Nf3+ 52.Kg3 Ng5 53.Bd2 Nf7 54.Kh2 Kh7 55.Qg3 Kg8 56.Be3 Qd6 57.Bf2 Bc8
58.Qe3 Qe6 59.Be2 Qf6 60.Bg4 Bb7 61.Bf5 g6 62.Bg4 Bxe4 63.Qxb6 Qf4+ 64.Bg3 Qc1
65.Qg1 Qxc4 66.b6 Qa2+ 67.Qf2 Qb1 68.Qe1 Qc2+ 69.Qf2 Qb1 70.Qe1 Qc2+ 71.Qe2 Qb1
72.Qe1 Qc2+ 73.Bf2 Ng5 74.Qe2 Qb1 75.Qd1 Qc2 76.Kg1 Kh7 77.h4 Nf7 78.Be6 Nd6
79.h5 g5  1-0

[Event "RUS-Cup"]
[Site "Tula "]
[Date "1999.??.??"]
[Round "4"]
[White "Yuferov, Sergey  N"]
[Black "Nikolenko, Oleg"]
[Result "1/2-1/2"]
[WhiteElo "2415"]
[BlackElo "2510"]

1.d4 e6 2.Nf3 Nf6 3.c4 b6 4.Nc3 Bb4 5.Qc2 Bb7 6.a3 Bxc3+ 7.Qxc3 O-O 8.Bg5 d6
9.Nd2 Nbd7 10.f3 h6 11.Bh4 Rc8 12.e3 c5 13.dxc5 Nxc5 14.b4 Ncd7 15.Qb2 Ne5
16.Be2 Ng6 17.Bf2 d5 18.O-O dxc4 19.Bxc4 Nd5 20.Rac1 Qg5 21.Ne4 Qe7 22.Rfe1 Rfd8
23.Bg3 h5 24.h3 Nh4 25.Bxd5 exd5 26.Rxc8 Bxc8 27.Nf6+ Qxf6 28.Qxf6 gxf6 29.Bxh4 Kg7
30.Rc1 Be6 31.Kf2 Rc8 32.Rxc8 Bxc8 33.Bg3 a5 34.Bc7 axb4 35.axb4 b5 36.Kg3 Bf5
37.Kf4 Bd3 38.h4 Kg6 39.Bd8 f5 40.Ke5 Bf1 41.Kxd5 Bxg2 42.Kc5 Bf1  1/2-1/2

[Event "Keres mem op"]
[Site "Utrecht"]
[Date "1999.??.??"]
[Round "2"]
[White "Barsov, Alexei"]
[Black "Oosterom, Erik"]
[Result "1-0"]
[WhiteElo "2514"]
[BlackElo "2270"]

1.d4 Nf6 2.Nf3 e6 3.c4 b6 4.Nc3 Bb7 5.a3 d5 6.cxd5 Nxd5 7.Qc2 Nd7 8.Nxd5 exd5
9.Bg5 Be7 10.Bxe7 Kxe7 11.g3 Nf6 12.Rc1 c6 13.Bh3 Qd6 14.b4 Bc8 15.Bg2 Bd7
16.Ne5 Rhc8 17.O-O Kf8 18.g4 Bxg4 19.Nxg4 Nxg4 20.Qxh7 Ke7 21.Qh4+ Nf6 22.Rc2 Rh8
23.Qg3 Qxg3 24.hxg3 Kd6 25.f3 Nh5 26.Rfc1 Rac8 27.e4 Nxg3 28.Kf2 Nh5 29.Bh3 dxe4
30.fxe4 Nf4 31.Bxc8 Rxc8 32.Rg1 Rh8 33.Rgc1 Rc8 34.Rh1 Re8 35.Kf3 Ne6 36.Ke3 Ng5
37.e5+ Kd5 38.Rhc1 Rc8 39.b5 c5 40.dxc5 bxc5 41.Rd2+ Ke6 42.Rd6+ Ke7 43.Rcd1 Rc7
44.Rc6 Ne6 45.Rxc7+ Nxc7 46.a4 Ne6 47.Rd6 Nc7 48.Ke4 f6 49.Rc6 Kd7 50.exf6 gxf6
51.Rxf6 Kc8 52.Kd3 Kb7 53.Kc4  1-0

[Event "CRO-chT3"]
[Site "Zadar"]
[Date "1999.??.??"]
[Round "1"]
[White "Juric, Goran"]
[Black "Gagarin, Vasilij"]
[Result "0-1"]
[WhiteElo "2325"]
[BlackElo "2403"]

1.d4 Nf6 2.c4 e6 3.Nf3 b6 4.Nc3 Bb4 5.Bg5 Bb7 6.e3 Be7 7.Bd3 c5 8.O-O O-O
9.e4 cxd4 10.Nxd4 d6 11.f4 Nbd7 12.Qe2 h6 13.Bh4 Nc5 14.Bb1 Rc8 15.Rd1 Nfxe4
16.Nxe4 Bxh4 17.Nb5 d5 18.Nxa7 Ra8 19.Nb5 Qe7 20.Nec3 dxc4 21.Qxc4 Rfd8 22.Bc2 Bf6
23.b4 Na6 24.a3 Rac8 25.Qb3 Nc7 26.Rac1 g6 27.Qb1 Kg7 28.Be4 Nd5 29.Ne2 Ba6
30.Rxc8 Rxc8 31.Bd3 Ne3 32.Rc1 Rd8 33.Kf2 Nd5 34.g3 Qd7 35.a4 Qe7 36.Rc4 h5
37.Re4 Bb7 38.Ned4 Nc3  0-1

[Event "Hilton Open"]
[Site "Basel SUI"]
[Date "2000.01.02"]
[Round "3"]
[White "Cvitan,O"]
[Black "Partos,C"]
[Result "1/2-1/2"]
[WhiteElo "2489"]
[BlackElo "2386"]

1.d4 Nf6 2.c4 e6 3.Nf3 b6 4.Nc3 Bb7 5.a3 d5 6.cxd5 Nxd5 7.e3 Nd7 8.Bd3 g6
9.e4 Nxc3 10.bxc3 Bg7 11.O-O e5 12.Bg5 Bf6 13.Be3 O-O 14.d5 Qe7 15.a4 Nc5
16.c4 a5 17.Bc1 Qd6 18.Ba3 Be7 19.Re1 Qf6 20.Bc2 Bd6 21.Bb2 Bc8 22.Nd2 Bd7
23.Nb1 Na6 24.Nc3 Bc5 25.Rf1 Qg5 26.Kh1 Bg4 27.f3 Bd7 28.Ne2 Bd6 29.Nc1 Nc5
30.Nd3 Nxd3 31.Qxd3 Qe7 32.Rae1  1/2-1/2

[Event "Hilton Open"]
[Site "Basel SUI"]
[Date "2000.01.02"]
[Round "3"]
[White "Nemet,I"]
[Black "Sokolov,An"]
[Result "0-1"]
[WhiteElo "2422"]
[BlackElo "2565"]

1.d4 Nf6 2.Nf3 e6 3.c4 b6 4.Nc3 Bb4 5.Qc2 Bb7 6.Bg5 c5 7.e3 Bxf3 8.gxf3 cxd4
9.exd4 Nc6 10.Be3 Rc8 11.Rg1 g6 12.a3 Be7 13.f4 Na5 14.Qa4 O-O 15.d5 Qc7
16.Nb5 Qb8 17.Nd4 exd5 18.cxd5 Rfe8 19.Ba6 Nb7 20.b4 Nxd5 21.Qxd7 Nxe3 22.fxe3 Rc7
23.Qd5 Bf6 24.Kf2 Rd8 25.Qf3 Rxd4 26.exd4 Bxd4+ 27.Kg2 Bxa1 28.Rxa1 Nd6 29.Bd3 Qd8
30.Re1 Rc3 31.Qd5 Qf6 32.Kh1 Rxa3 33.f5 Ra1 34.Rxa1 Qxa1+ 35.Kg2 Qf6 36.fxg6 hxg6
37.b5 Qf4 38.h3 Kg7 39.Bc2 Nc4 40.Qd3 Ne3+ 41.Kh1 Qf3+  0-1

[Event "Hilton Open"]
[Site "Basel SUI"]
[Date "2000.01.05"]
[Round "7"]
[White "Nemet,I"]
[Black "Farago,I"]
[Result "1-0"]
[WhiteElo "2422"]
[BlackElo "2467"]

1.d4 Nf6 2.Nf3 e6 3.c4 b6 4.Nc3 Bb4 5.Qb3 c5 6.Bg5 h6 7.Bh4 g5 8.Bg3 Ne4
9.e3 Nc6 10.Bd3 Na5 11.Qc2 Bxc3+ 12.bxc3 Nxg3 13.fxg3 Ba6 14.O-O d6 15.Nd2 O-O
16.g4 Bb7 17.Rf2 cxd4 18.exd4 Qe7 19.Nf1 Rac8 20.Ng3 Nxc4 21.Qe2 b5 22.Raf1 f6
23.Nh5 f5 24.gxf5 e5 25.f6 Qf7 26.Ng3 e4 27.Bxe4 Bxe4 28.Qxe4 Rfe8 29.Qf3 Kh8
30.Nf5 g4 31.Qxg4 Qxf6 32.Qh3  1-0

[Event "VII Anibal Open"]
[Site "Linares ESP"]
[Date "2000.01.08"]
[Round "2"]
[White "Mirzoev,A"]
[Black "Pinheiro,J"]
[Result "1-0"]
[WhiteElo "2438"]
[BlackElo "2269"]

1.d4 Nf6 2.Nf3 e6 3.c4 b6 4.Nc3 Bb4 5.Qc2 Bb7 6.a3 Bxc3+ 7.Qxc3 O-O 8.g3 d6
9.Bg2 Nbd7 10.O-O c5 11.Rd1 Qc7 12.b3 Rac8 13.Bb2 Rfd8 14.Rac1 Be4 15.Bh3 h6
16.Qe1 Rb8 17.b4 cxb4 18.Qxb4 Bxf3 19.exf3 e5 20.dxe5 Nxe5 21.Bg2 Rbc8 22.f4 a5
23.Qd2 Nxc4 24.Bxf6 gxf6 25.Qd3 d5 26.Bxd5 Kg7 27.a4 Qc5 28.Qf3 Qa3 29.Qg4+ Kh8  1-0

[Event "Troll Masters"]
[Site "Gausdal NOR"]
[Date "2000.01.11"]
[Round "3"]
[White "Christenson,F"]
[Black "Rytshagov,M"]
[Result "1/2-1/2"]
[WhiteElo "2223"]
[BlackElo "2539"]

1.d4 Nf6 2.Nf3 e6 3.c4 b6 4.Nc3 Bb7 5.Bg5 h6 6.Bh4 g5 7.Bg3 Nh5 8.Be5 f6
9.Qc2 Kf7 10.d5 Bg7 11.Bg3 Nxg3 12.fxg3 c6 13.e4 Qe7 14.Be2 e5 15.O-O c5
16.Ne1 h5 17.Nd3 d6 18.Nd1 Bc8 19.Ne3 g4 20.Nf5 Bxf5 21.Rxf5 Bh6 22.Raf1 Nd7
23.Bd1 Kg7 24.Qe2 Bg5 25.Ba4 Nf8 26.Nf2 Ng6 27.Nd1 Qc7 28.Ne3 Ne7 29.R5f2 Raf8
30.Nf5+ Nxf5 31.Rxf5 Qe7 32.Bc6 Rh6 33.a3 Rhh8 34.b4 a6 35.Rb1 Rb8 36.Rff1 Qa7
37.bxc5 bxc5 38.Qc2 Be3+ 39.Kh1 Rxb1 40.Rxb1 Rb8 41.Rb3 Bd4 42.Qb1 Rxb3 43.Qxb3 f5
44.exf5 e4 45.Ba4 Qf7 46.Qb1 Qxf5  1/2-1/2

[Event "VII Anibal Open"]
[Site "Linares ESP"]
[Date "2000.01.14"]
[Round "8"]
[White "Mirzoev,A"]
[Black "Estremera Panos,S"]
[Result "1/2-1/2"]
[WhiteElo "2438"]
[BlackElo "2387"]

1.d4 Nf6 2.Nf3 e6 3.c4 b6 4.Nc3 Bb4 5.Qc2 Bb7 6.a3 Bxc3+ 7.Qxc3 O-O 8.g3 c5
9.Bg2 cxd4 10.Qxd4 Nc6 11.Qh4  1/2-1/2

[Event "V Ubeda Open"]
[Site "Ubeda ESP"]
[Date "2000.01.19"]
[Round "1"]
[White "Barsov,A"]
[Black "Klimm,W"]
[Result "1/2-1/2"]
[WhiteElo "2521"]
[BlackElo "2219"]

1.d4 Nf6 2.Nf3 e6 3.c4 b6 4.Nc3 Bb4 5.Qb3 a5 6.g3 Bb7 7.Bg2 d6 8.O-O Bxc3
9.Qxc3 Nbd7 10.b3 O-O 11.Bb2 Ne4 12.Qe3 Nef6 13.Bh3 Re8 14.Nd2 Qe7 15.f4 c5
16.Nf3 a4 17.Rfd1 Bc6 18.Bg2 Be4 19.h3 h6 20.g4 d5 21.Bf1 Bc2 22.Rdc1 Be4
23.Nd2 Bg6 24.Bg2 Qd6 25.Qf2 axb3 26.axb3 Ne4 27.Nxe4 Bxe4 28.Bxe4 dxe4 29.Qe3 f5
30.gxf5 exf5 31.d5 Rf8 32.Qg3 g5 33.Qc3 Qg6 34.Rxa8 Rxa8 35.Qh8+ Kf7 36.Qxa8 gxf4+
37.Kf1 f3 38.exf3 exf3 39.Rc2 f4 40.Qc6 Qd3+ 41.Ke1 Qe3+  1/2-1/2

[Event "V Ubeda Open"]
[Site "Ubeda ESP"]
[Date "2000.01.20"]
[Round "2"]
[White "Ravi,L"]
[Black "San Segundo Carrillo,P"]
[Result "0-1"]
[WhiteElo "2391"]
[BlackElo "2497"]

1.d4 Nf6 2.c4 e6 3.Nf3 b6 4.Nc3 Bb4 5.Qb3 c5 6.Bg5 h6 7.Bh4 Bb7 8.Rd1 O-O
9.e3 cxd4 10.Qxb4 Na6 11.Qa3 dxc3 12.Qxc3 Nc5 13.Be2 d5 14.O-O Qe7 15.cxd5 Bxd5
16.Qa3 Rfc8 17.Ne5 Qf8 18.f3 Nb7 19.Qxf8+ Kxf8 20.Ba6 Rc2 21.Rxd5 exd5 22.Bxb7 Re8
23.Nd3 Rxe3 24.Rd1 g5 25.Be1 Ree2 26.Bf2 Nd7 27.Ba6 Nc5 28.Bxc5+ bxc5 29.Ne1 Red2
30.Rxd2 Rxd2 31.Kf1 c4 32.b3 Rxa2 33.Bb7 c3 34.Bxd5 c2 35.Nd3 Ra1+ 36.Kf2 c1=Q
37.Nxc1 Rxc1 38.Ke2  0-1

[Event "V Ubeda Open"]
[Site "Ubeda ESP"]
[Date "2000.01.22"]
[Round "4"]
[White "Anastasian,A"]
[Black "Roeder,M"]
[Result "1-0"]
[WhiteElo "2606"]
[BlackElo "2413"]

1.c4 Nf6 2.d4 e6 3.Nf3 b6 4.Nc3 Bb7 5.a3 d5 6.Bg5 Be7 7.Bxf6 Bxf6 8.cxd5 exd5
9.g3 O-O 10.Bg2 Nc6 11.O-O Re8 12.e3 Qd6 13.b4 a6 14.Ne1 Ne7 15.Nd3 g6 16.a4 Rad8
17.b5 a5 18.Nf4 Bg5 19.Nce2 h5 20.h4 Bh6 21.Rc1 Nf5 22.Bh3 Ng7 23.Kh2 Re7
24.Rc3 Ne8 25.Bg2 Nf6 26.Qc2 Ne4 27.Bxe4 dxe4 28.Rc1 Rdd7 29.Qd1 Qf6 30.R1c2 Kh7
31.Qc1 Qd6 32.Nh3 f6 33.Nef4 Kg7 34.Rc4 Kh7 35.R2c3 Rf7 36.Qc2 Rfe7 37.Kg2 Ba8
38.Rc6 Bxc6 39.Rxc6 Qa3 40.Rxf6 Rd6 41.Ng5+ Bxg5 42.hxg5 Rxf6 43.gxf6 Rf7
44.Ne6 Kh6 45.Qxe4 Rxf6 46.Qe5 Qe7 47.d5 Rf7 48.Qh8+ Rh7 49.Qd4 Qb4 50.Qe5 Rf7
51.f3 Qe7 52.e4 Qa3 53.f4 Qe7 54.Kh3 h4 55.gxh4 Rf6 56.Kg4 Rf7 57.Qg5+ Kh7
58.Qxe7 Rxe7 59.Kg5 Rf7 60.e5 Kg8 61.Kxg6 Rd7 62.f5 Rxd5 63.f6 Rd7 64.Ng5  1-0

[Event "NED-chT"]
[Site "Amsterdam NED"]
[Date "2000.02.05"]
[Round "1"]
[White "Krudde,F"]
[Black "Brenninkmeijer,J"]
[Result "0-1"]
[WhiteElo "2252"]
[BlackElo "2499"]

1.d4 Nf6 2.c4 e6 3.Nf3 b6 4.Nc3 Bb4 5.g3 Ba6 6.Qb3 c5 7.Bg2 Nc6 8.dxc5 bxc5
9.a3 Na5 10.Qc2 Bxc3+ 11.Qxc3 Nxc4 12.b3 Qa5 13.b4 Qb5 14.O-O O-O 15.Bg5 Ne4
16.Qc2 d5 17.Rfb1 cxb4 18.axb4 Qb6 19.Rf1 Rfc8 20.Qa2 Bb7 21.Qb3 a5 22.b5 Ncd6
23.Be3 Qxb5 24.Qxb5 Nxb5 25.Ne5 Nbc3 26.Rfe1 a4 27.Nd7 Rc7 28.Nb6 Ra6 29.f3 Nd6
30.Bf2 Ndb5 31.f4 a3 32.f5 e5 33.f6 gxf6  0-1

[Event "5th HIT Open"]
[Site "Nova Gorica SLO"]
[Date "2000.02.05"]
[Round "5"]
[White "Mikhalchishin,A"]
[Black "Brumen,D"]
[Result "1/2-1/2"]
[WhiteElo "2552"]
[BlackElo "2403"]

1.d4 Nf6 2.c4 e6 3.Nf3 b6 4.Nc3 Bb7 5.a3 d5 6.cxd5 exd5 7.Bf4 Bd6 8.Bg3 O-O
9.e3 Ne4 10.Qb3 Nxc3 11.bxc3 Qe7 12.Bd3 Nd7 13.O-O Bxg3 14.hxg3 c5 15.Qb1 g6
16.a4 Bc6 17.Bb5 Rfc8 18.Bxc6 Rxc6 19.a5 Qd6 20.Ra4 a6 21.axb6 Nxb6 22.Ra2  1/2-1/2

[Event "Petroff Mem Open"]
[Site "St Petersburg RUS"]
[Date "2000.02.12"]
[Round "5"]
[White "Korotylev,A"]
[Black "Ionov,S"]
[Result "1/2-1/2"]
[WhiteElo "2477"]
[BlackElo "2558"]

1.d4 Nf6 2.c4 e6 3.Nf3 b6 4.Nc3 Bb7 5.a3 Ne4 6.Nxe4 Bxe4 7.Nd2 Bb7 8.e4 Qf6
9.d5 Bc5 10.Nf3 Qg6 11.b4 Qxe4+ 12.Be2 Be7 13.O-O O-O 14.Bd3 Qg4 15.Re1 Bf6
16.Ra2 Qh5 17.Be4 exd5 18.cxd5 a5 19.b5 d6 20.Kh1 Nd7 21.Rg1 Be5 22.g4 Qh3
23.Nxe5 dxe5 24.Bg5 Nc5 25.f3  1/2-1/2

[Event "Goodricke Open"]
[Site "Calcutta IND"]
[Date "2000.02.15"]
[Round "10"]
[White "Mirzoev,A"]
[Black "Ravi,T"]
[Result "0-1"]
[WhiteElo "2438"]
[BlackElo "2373"]

1.d4 Nf6 2.Nf3 e6 3.c4 b6 4.Nc3 Bb7 5.Qc2 c5 6.e4 cxd4 7.Nxd4 Bc5 8.Nb3 Be7
9.e5 Ng4 10.Qe2 h5 11.h3 Nh6 12.Qxh5 g6 13.Qe2 Nf5 14.Bd2 Nc6 15.O-O-O a6
16.Rg1 b5 17.Qe1 bxc4 18.Bxc4 Qc7 19.Bf4 Nb4 20.Nd2 Bd5 21.Qf1 Rc8 22.b3 Qa5
23.Kb2 Bc5 24.a3 Nc6 25.Na4 Bd4+ 26.Ka2 Nxe5 27.Bxe5 Bxe5 28.g4 Nd6 29.Bxd5 Rc2+
30.Kb1 Rxd2 31.Bf3 Nb5 32.Rxd2 Qxd2 33.Qc1 Qd3+  0-1

[Event "Goodricke Open"]
[Site "Calcutta IND"]
[Date "2000.02.16"]
[Round "11"]
[White "Lalic,B"]
[Black "Sandipan,C"]
[Result "1-0"]
[WhiteElo "2548"]
[BlackElo "2424"]

1.d4 Nf6 2.c4 e6 3.Nf3 b6 4.Nc3 Bb4 5.Bg5 Bb7 6.Qb3 a5 7.e3 d6 8.Bxf6 Qxf6
9.Be2 Nd7 10.O-O Bxc3 11.bxc3 O-O 12.Nd2 Qg6 13.Bf3 Bxf3 14.Nxf3 f5 15.Rab1 f4
16.Rbe1 Rf7 17.c5 bxc5 18.exf4 Rb8 19.Qa4 cxd4 20.Nxd4 Nc5 21.Qxa5 Rbf8 22.g3 Rxf4
23.Qxc7 Ne4 24.Qd7 R4f6 25.Re2 Kh8 26.f3 Nxc3 27.Rxe6 Qd3 28.Qa7 h6 29.Re7 g5
30.Rf2 Nd1 31.Re1 R6f7 32.Qa4 Nc3 33.Qb4 g4 34.Ne6 Rxf3 35.Qxg4 R8f7 36.Nf4 R7xf4
37.Re8+ Rf8 38.Rxf8+  1-0

[Event "8th Valle d'Aosta Open"]
[Site "Saint Vincent ITA"]
[Date "2000.02.18"]
[Round "7"]
[White "Yakovich,Y"]
[Black "Davies,N"]
[Result "1/2-1/2"]
[WhiteElo "2580"]
[BlackElo "2497"]

1.d4 Nf6 2.c4 e6 3.Nf3 b6 4.Nc3 Bb7 5.a3 d5 6.cxd5 exd5 7.Qa4+ c6 8.Bg5 Be7
9.e3 O-O 10.Bd3 Nbd7 11.O-O Ne4 12.Bf4 f5 13.Ne5 Nxe5 14.Bxe5 Bd6 15.Qc2 Bxe5
16.dxe5 Qe7 17.f3 Nc5 18.f4 Nxd3 19.Qxd3 a5 20.Rfd1 Kh8 21.Rac1 a4 22.Qc2 Qc5
23.Rd4 g5 24.Qd2 Qe7 25.Rxa4 Rad8 26.Ra7 gxf4 27.exf4 d4 28.Na4 c5 29.Nxb6 Rg8
30.g3 Rg7 31.Nc4 Rdg8 32.Qg2 Bxg2 33.Rxe7 Rxe7 34.Kxg2 Rb8 35.Rc2 Kg7 36.Nd6 Kg6
37.Rxc5 Rxb2+ 38.Kh3 d3 39.Rd5 Rc7 40.g4 fxg4+ 41.Kxg4 h5+ 42.Kg3 Rcc2 43.f5+ Kh6
44.e6 Rxh2 45.e7 Rbe2 46.Nf7+ Kg7 47.Ne5 Rhg2+ 48.Kf3 Rgf2+ 49.Kg3 Rg2+ 50.Kf3 Rgf2+
51.Kg3 Rg2+ 52.Kf4 Rgf2+ 53.Kg3 Rg2+ 54.Kf4  1/2-1/2

[Event "ch-Serbia"]
[Site "Kragujevac YUG"]
[Date "2000.02.19"]
[Round "1"]
[White "Trajkovic,P"]
[Black "Bojkovic,N"]
[Result "1/2-1/2"]
[WhiteElo "2280"]
[BlackElo "2423"]

1.d4 Nf6 2.c4 e6 3.Nf3 b6 4.Nc3 Bb7 5.a3 d5 6.Bg5 Be7 7.cxd5 exd5 8.e3 O-O
9.b4 Nbd7 10.Qb3 Re8 11.Be2 a6 12.O-O c6 13.Rfd1 b5 14.Bd3 Nb6 15.Ne5 Nc4
16.e4 Nxe4 17.Bxe7 Qxe7 18.Bxe4 dxe4 19.Nxe4 Rad8 20.Nc5 Nxe5 21.dxe5 Rxd1+
22.Qxd1 Bc8 23.f4 f6 24.Qb3+ Be6 25.Qxe6+ Qxe6 26.Nxe6 Rxe6 27.exf6 Rxf6
28.Rc1 Rxf4 29.Rxc6 a5 30.bxa5  1/2-1/2

[Event "16th open"]
[Site "Cappelle La Grande FRA"]
[Date "2000.02.21"]
[Round "3"]
[White "Lalic,B"]
[Black "Maki Uuro,Mi"]
[Result "1-0"]
[WhiteElo "2548"]
[BlackElo "2341"]

1.d4 Nf6 2.c4 e6 3.Nf3 b6 4.Nc3 Bb4 5.Bg5 Bb7 6.Qb3 a5 7.e3 h6 8.Bxf6 Qxf6
9.Be2 O-O 10.O-O Bxc3 11.bxc3 d6 12.Nd2 Qg5 13.Bf3 Bxf3 14.Nxf3 Qe7 15.e4 Nd7
16.Rfe1 e5 17.g3 Rae8 18.Nh4 Kh7 19.Nf5 Qd8 20.f3 g6 21.Ne3 Kg7 22.Qa4 f5
23.exf5 gxf5 24.Nd5 f4 25.Kg2 fxg3 26.hxg3 Nf6 27.dxe5 Nxd5 28.cxd5 dxe5
29.Rad1 Qf6 30.Qg4+ Qg5 31.Re4 Qxg4 32.Rxg4+ Kf6 33.Rc4 Rf7 34.Rc6+ Kg7 35.d6 cxd6
36.Rdxd6 e4 37.f4 e3 38.Rg6+ Kf8 39.Rxh6 Rd7 40.Rh8+ Ke7 41.Rxe8+ Kxe8 42.Kf3 Rd2
43.Kxe3 Rxa2 44.Rxb6 a4 45.Ra6 a3 46.Kf3 Ra1 47.Kg4 a2 48.f5 Kf7 49.c4 Ke7
50.c5 Kd7 51.Rd6+ Kc7 52.Rd2 Kc6 53.f6 Kxc5 54.Rf2  1-0

[Event "16th open"]
[Site "Cappelle La Grande FRA"]
[Date "2000.02.25"]
[Round "8"]
[White "Ionov,S"]
[Black "Kuzmin,G"]
[Result "0-1"]
[WhiteElo "2558"]
[BlackElo "2466"]

1.d4 Nf6 2.c4 e6 3.Nf3 b6 4.Nc3 Bb4 5.Bg5 Bb7 6.e3 h6 7.Bh4 c5 8.Bd3 cxd4
9.exd4 O-O 10.O-O Bxc3 11.bxc3 d6 12.Re1 Nbd7 13.Nd2 Rc8 14.Rc1 Re8 15.Nf1 Nf8
16.Qa4 Qd7 17.Qd1 N8h7 18.Ne3 Be4 19.Bf1 Bc6 20.f3 Bb7 21.Qd2 Qd8 22.Bd3 Qc7
23.Rf1 Ba6 24.f4 d5 25.f5 dxc4 26.Bb1 e5 27.dxe5 Qxe5 28.Rfe1 Qc5 29.Bf2 Qc6
30.Red1 Bb7 31.Qd6 Qxd6 32.Rxd6 Ng5 33.Rd4 b5 34.a4 a6 35.axb5 axb5 36.Ng4 Nfe4
37.h4 Nh7 38.Bxe4 Bxe4 39.Ne3 Nf6 40.g4 Rcd8 41.Rcd1 Bd3 42.Rxd8 Rxd8 43.Ra1 Ne4
44.Be1 Be2 45.g5 hxg5 46.hxg5 Nxg5 47.Ra5 Re8 48.Bf2 Nh3+ 49.Kg2 Nf4+ 50.Kg3 Nh5+
51.Kg2 Re5 52.Nc2 Rxf5 53.Nd4 Rg5+ 54.Kh2 Bf1 55.Rxb5 Rg2+  0-1

[Event "Oz.com qualifier blitz"]
[Site "Internet ICC"]
[Date "2000.03.05"]
[Round "4"]
[White "Sagalchik,G"]
[Black "Taleb,M"]
[Result "1-0"]
[WhiteElo "2540"]
[BlackElo "2312"]

1.d4 Nf6 2.Nf3 e6 3.c4 b6 4.Nc3 Bb4 5.e3 Bb7 6.Bd3 O-O 7.Qc2 d5 8.cxd5 exd5
9.a3 Bxc3+ 10.bxc3 c5 11.c4 dxc4 12.Bxc4 Bxf3 13.gxf3 cxd4 14.Bb2 Nc6 15.Rd1 Rc8
16.Qe2 Qe7 17.exd4 Qd6 18.O-O Nd5 19.Qe4 Nf6 20.Qh4 Ne7 21.Bd3 Ned5 22.Qg3 Qd7
23.Kh1 Rfe8 24.Qg5 g6 25.Rfe1 Qd6 26.Re5 Red8 27.Rde1 Kg7 28.Qg3 Nh5 29.Qh4 Nhf4
30.Bb1 f6 31.R5e4 g5 32.Qg3 Rc7 33.Bc1 Rdc8 34.Bd2 h6 35.Ba2 Qxa3 36.Bb1 Rf8
37.Bxf4 Nxf4 38.Rxf4 Rc1 39.Re4 f5 40.Re3 f4 41.Rxa3 Rxe1+ 42.Qg1 Rfe8 43.Be4 Rxg1+
44.Kxg1 a5 45.Rb3 Rb8 46.Rb5 a4 47.Kf1 a3 48.Bd5 Rd8 49.Ke2 Kf6 50.Rxb6+ Ke7
51.Rb5 Rc8 52.Kd3 Rc1 53.Ra5 Rd1+ 54.Ke4 Rd2 55.Rxa3 Rxf2 56.h3 Rh2 57.Ke5 Rxh3
58.Ra7+ Kf8 59.Be4 h5 60.Bg6 g4 61.Kf6 Rxf3 62.Ra8+  1-0

[Event "55th ch-YUG"]
[Site "Subotica YUG"]
[Date "2000.03.21"]
[Round "5"]
[White "Kosic,D"]
[Black "Damljanovic,B"]
[Result "1/2-1/2"]
[WhiteElo "2521"]
[BlackElo "2534"]

1.d4 Nf6 2.Nf3 e6 3.c4 b6 4.Nc3 Bb7 5.a3 d5 6.Bg5 Be7 7.e3 O-O 8.Rc1 Nbd7
9.cxd5 exd5 10.Be2 c5 11.O-O Ne4 12.Bxe7 Qxe7  1/2-1/2